Strategic Trends of Organizations in the Context of New Perspectives of Sustainable Competitiveness

Podnikanie, ktoré nie je zamerané len na krátkodobé zisky a zohľadňuje princípy udržateľnosti, možno nazvať udržateľným podnikaním. Naproti tomu udržateľná konkurenčná výhoda je základom výkonnosti podniku. Tento článok pojednáva o výhodách vybraných strategických trendov pre udržateľnú konkurencies...

Ausführliche Beschreibung

Gespeichert in:
Bibliographische Detailangaben
1. Verfasser: Vrabcová, Pavla
Weitere Verfasser: Urbancová, Hana, Hudáková, Monika
Format: Buchkapitel
Sprache:Englisch
Schlagworte:
Tags: Tag hinzufügen
Keine Tags, Fügen Sie das erste Tag hinzu!

MARC

LEADER 00000naa a2200000 4500
001 0297657
005 20231214113115.9
041 0 |a eng 
044 |a CZ 
245 1 0 |a Strategic Trends of Organizations in the Context of New Perspectives of Sustainable Competitiveness  |c Pavla Vrabcová, Hana Urbancová, Monika Hudáková 
520 |a Podnikanie, ktoré nie je zamerané len na krátkodobé zisky a zohľadňuje princípy udržateľnosti, možno nazvať udržateľným podnikaním. Naproti tomu udržateľná konkurenčná výhoda je základom výkonnosti podniku. Tento článok pojednáva o výhodách vybraných strategických trendov pre udržateľnú konkurencieschopnosť. Hlavným cieľom štúdie bolo identifikovať strategické trendy implementované vybranými českými organizáciami s cieľom zabezpečiť konkurenčnú výhodu a zhodnotiť orientáciu organizácií v závislosti od vybraných premenných. 
610 2 0 |a udržateľnosť 
610 2 0 |a konkurencieschopnosť 
610 2 0 |a spoločnosti 
610 2 0 |a systémy integrované manažérske 
610 2 0 |a manažment strategický 
610 2 0 |a podnikanie 
610 2 0 |a analýza faktorová 
100 1 |a Vrabcová, Pavla 
700 1 |a Urbancová, Hana 
700 1 |a Hudáková, Monika